• 首页
  • 本馆介绍
  • 公告通知
  • 最新文献
  • 馆藏检索
  • 电子资源
  • 读者导购
  • 参考咨询
  • 我的图书馆
  • 登录
  • 详细信息显示
  • 放入我的书架
  • 预约/预借图书
  • 作者相关作品
  • 分类相关作品
  • 丛书相关作品
  • 出版社相关作品

书目信息

  • 表格格式
  • 工作单格式
  • 卡片格式
题名:
镜头的温度
    
 
作者: 张玲 著
分册:  
出版信息: 北京   人民日报出版社  2018.06
页数: 101页
开本: 30cm
丛书名:
单 册:
中图分类: G623.752
科图分类:
主题词: 摄影--课程--小学--教学参考资料
电子资源:
ISBN: 978-7-5115-5513-7
000 01003nam0 2200241 450
001 0108153909
005 20210308154402.0
010    @a978-7-5115-5513-7@dCNY35.00
100    @a20190109d2018 em y0chiy50 ea
101 0  @achi
102    @aCN@b110000
105    @aa z 000yy
106    @ar
200 1  @a镜头的温度@Ajing tou de wen du@e小学摄影校本课程的研究与实践@f张玲著
210    @a北京@c人民日报出版社@d2018.06
215    @a101页@c图, 照片@d30cm
330    @a本书分为摄影——美育的佳径;摄影——以爱与美之名;摄影——实践为先;摄影——涵养人文精神;摄影——培养健康人格五部分,主要内容包括:摄影与美育、实践是每一位教师的必修课、关于人文精神在后续摄影课程的延伸、镜头背后的意志力和自信心等。
510 1  @aFeelings through the lens@ethe research of school-based photography curriculum in elementary school@zeng
606 0  @a摄影@x课程@x小学@j教学参考资料
690    @aG623.752@v5
701  0 @a张玲@Azhang ling@4著
801  0 @aCN@bBJSZM@c20210308
905    @b1272239-40@dG623.752@e1328@f2
    
    镜头的温度:小学摄影校本课程的研究与实践/张玲著.-北京:人民日报出版社,2018.06
    101页:图, 照片;30cm
    
    
    ISBN 978-7-5115-5513-7:CNY35.00
    本书分为摄影——美育的佳径;摄影——以爱与美之名;摄影——实践为先;摄影——涵养人文精神;摄影——培养健康人格五部分,主要内容包括:摄影与美育、实践是每一位教师的必修课、关于人文精神在后续摄影课程的延伸、镜头背后的意志力和自信心等。
●
相关链接 在E读中查询图书 在五车中查询图书 在当当中查询图书 在豆瓣中查询图书


正题名:镜头的温度     索取号:G623.752/1328         预约/预借

序号 登录号 条形码 馆藏地/架位号 状态 备注
1 1272239   212722393   第一样本阅览室/ [索取号:G623.752/1328] 在馆    
2 1272240   212722400   教育系资料室/ [索取号:G623.752/1328] 在馆    
唐山师范学院图书馆 欢迎您!
大连网信软件有限公司© 版权所有